=LDR 00000nam 2200000 4500 =001 INLIS000000000012038 =005 20130612103602 =008 ***********************************Ind** =035 ##$$0010-061300000012038 =041 ##$$a Ind =082 ##$$a 591.15 =090 ##$$a 591.15, Min d =100 ##$$a Minkema, D =245 ##$$a Dasar genetika dalam Pembudidayaan ternak, oleh D. Minkema =260 ##$$a 1987 $b Jakarta =300 ##$$a ix, 203 hlm., Ilus, 21 cm., 1987 =650 ##$$a genetika =650 ##$$a ternak =850 ##$$a NBPNMAT